banner koha

Regioes de trigo no Brasil. 1. Aproximacao (Registro n. 265467)

MARC details
000 -LÍDER
campo de controle de tamanho fixo 01062nac a22003377a 4500
001 - NÚMERO DE CONTROLE
campo de controle BR7401221
003 - IDENTIFICADOR DO NÚMERO DE CONTROLE
campo de controle BR-BrBNA
005 - DATA E HORÁRIO DA ÚLTIMA TRANSAÇÃO
campo de controle 20250228152923.0
008 - CAMPO DE DADOS FIXOS--INFORMAÇÃO GERAL
campo de controle de tamanho fixo 230509b bl.|||m| |||| 00| 0 por d
040 ## - FONTE DA CATALOGAÇÃO
Instituição da catalogação original BR-BrBNA
Idioma da catalogação por
Instituição que transcreveu o registro Biblioteca Nacional de Agricultura
072 ## - CÓDIGO DE CATEGORIA DE ASSUNTO
Código de Categoria de Assunto F00; F10; F26
090 ## - NÚMERO DE CHAMADA LOCAL
Número de chamada 0180 BR7401221
100 1# - ENTRADA PRINCIPAL--NOME PESSOAL
Nome pessoal Kalckmann, R.E.
100 1# - ENTRADA PRINCIPAL--NOME PESSOAL
Nome pessoal Arruda, A.A.G. de
100 1# - ENTRADA PRINCIPAL--NOME PESSOAL
Nome pessoal Hoeltgebaum, F.
100 1# - ENTRADA PRINCIPAL--NOME PESSOAL
Nome pessoal Popa, W.
100 1# - ENTRADA PRINCIPAL--NOME PESSOAL
Nome pessoal Baldanzi, G.
100 1# - ENTRADA PRINCIPAL--NOME PESSOAL
Nome pessoal Godoy, L.C. de
245 1# - TÍTULO
Título Regioes de trigo no Brasil. 1. Aproximacao
260 3# - PUBLICAÇÃO, DISTRIBUIÇÃO, ETC.
Local de publicação, distribuição, etc. Rio de Janeiro, GB (Brasil):
Data da publicação, distribuição, etc. 1965.
300 ## - DESCRIÇÃO FÍSICA
Extensão 104 p.
490 ## - TÍTULO DA SÉRIE
Título da série Estudos Tecnicos - Servico de Informacao Agricola (Brazil)
Número do volume ou designação sequencial da série no. 28
500 ## - NOTA GERAL
Nota geral Summary (Pt); 23 ref.; 12 Maps (Scale 1:6,000,000 to 1:1,300,000)
650 ## - ASSUNTO--TERMO TÓPICO
Cabeçalho tópico ou nome geográfico Producao vegetal
650 ## - ASSUNTO--TERMO TÓPICO
Cabeçalho tópico ou nome geográfico Climatologia
650 ## - ASSUNTO--TERMO TÓPICO
Cabeçalho tópico ou nome geográfico Recurso do solo
650 ## - ASSUNTO--TERMO TÓPICO
Cabeçalho tópico ou nome geográfico Trigo
650 ## - ASSUNTO--TERMO TÓPICO
Cabeçalho tópico ou nome geográfico Zoneamento agricola
856 ## - LOCALIZAÇÃO ELETRÔNICA E ACESSO
Uniform Resource Identifier <a href="https://repositorio-dspace.agricultura.gov.br/bitstream/1/6026/1/BR7401221.pdf">https://repositorio-dspace.agricultura.gov.br/bitstream/1/6026/1/BR7401221.pdf</a>
942 ## - ELEMENTOS DE ENTRADA ADICIONADOS (KOHA)
Fonte da classificação ou esquema de arquivamento na estante Classificação AGRIS
Ocultar no OPAC Não
Tipo de material Koha Monografia Seriada
Exemplares
Situação do descarte Fonte da classificação ou esquema de arquivamento na estante Situação física Não pode ser emprestado Coleção Biblioteca de origem Biblioteca atual Localização na estante Total de empréstimos Número de telefone completo Código de barras Data de último acesso Tipo de material Koha Fonte de aquisição
  Classificação AGRIS       Biblioteca Nacional de Agricultura - Binagri Biblioteca Nacional de Agricultura - Binagri Agrobase - Acervo Geral   0180 BR7401221 0180 BR7401221 18/12/2023 Monografia Seriada Portaria Interministerial nº 164/94

BINAGRI

Telefone: (61)3218-2567/2388/3357/2097 - binagri@agro.gov.br

Ministério da Agricultura e Pecuária , Esplanada dos Ministérios, Bloco D, Anexo B, Brasília/DF, CEP: 70.043-900